000 nam a22 7a 4500
999 _c9439
_d9439
008 180522b ||||| |||| 00| 0 eng d
020 _a1888996099
082 _21999
_aDC 808.81
_bEd2
100 _928004
_aEdelman, Bart.
245 _aThe Policeman's Wife/
_cBart Edelman.
260 _aPalmdale, Calif. :
_bRed Hen Press,
_c©1999.
300 _apages 48-49;
_c22 cm.
500 _aThe Alphabet of Love
650 0 _928005
_aLove
_xPoems.
942 _2ddc
_cDC